| 000 | 00763nam a2200241Ia 4500 | ||
|---|---|---|---|
| 999 |
_c55663 _d55663 |
||
| 001 | 22758 | ||
| 003 | GE_BSU | ||
| 005 | 20220527124203.0 | ||
| 008 | 181216s||||||||xx |||||||||||||| ||gem|| | ||
| 020 | _a9783191917418 | ||
| 040 | _cGE_BSU | ||
| 041 | _agem | ||
| 080 | _a811.112.1+378.6 B-33 | ||
| 100 |
_aBayerlein, Oliver _913857 |
||
| 245 |
_aLehrerhandbuch: Landeskunde aktiv. Niveaustufen ab A2 : _bDidaktische Hinweise und Losungen / _cOliver Bayerlein. |
||
| 264 |
_aMunchen : _bVerlag fur Deutsch, _c2015. |
||
| 300 |
_a64 p. ; _b23 cm. |
||
| 653 | _aDidaktische Hinweise und Losungen | ||
| 653 | _aLehrerhandbuch: Landeskunde aktiv. | ||
| 653 | _aНемецкий язык | ||
| 653 | _aგერმანული ენა | ||
| 942 |
_cBK _2udc |
||